000 00542nam a22001937a 4500
003 KOHA_MİRAKIL
005 20250930155059.0
008 250930b tu ||||| |||| 00| 0 tur d
020 _a9789757076766
040 _aTR-AnABB
_btur
_cTR-AnABB
041 _atur
082 _a883.1
_bKRU 2003
100 1 _aKrugmann, Robert,
245 1 0 _aIşık ve Aydınlık tanrısı Apollon /
_cRobert Krugmann
260 _aAnkara :
_bCantekin Matbaa,
_c2003
300 _a63 sayfa ;
_c21 cm
650 0 0 _aMitoloji romanı
942 _2ddc
_cBK
999 _c8992
_d8992
900 _bGizem YORULMAZ